000
00337nam a2200133Ia 4500
008
240624s9999 xx 000 0 und d
041
_a
eng
082
_a
651.7 FIT
100
_a
FITZGERALD NEIL
245
_a
CRYSTAL REPORTS 2008 OFFICIAL GUIDE
260
_c
2010
_a
New Delhi
_b
Pearson Education
300
_a
576 : p.
365
_c
RS
_b
30
999
_c
16269
_d
16269